[Event "Tbilisi Nabeglavi op"]
[Site "?"]
[Date "2001.11.25"]
[Round "?"]
[White "Paresishvili Giorgi"]
[Black "Lobzhanidze Davit"]
[Result "1/2-1/2"]
[WhiteElo "2299"]
[BlackElo "2501"]
[PlyCount "56"]
[EventDate "2001.??.??"]
[Source "www.chesslib.no"]
[SourceDate "2004.05.04"]

1. e4 e5 2. Nf3 Nc6 3. Bb5 a6 4. Ba4 Nge7 5. O-O d6 6. d4 b5 7. Bb3 Nxd4 8. Nxd4 exd4 9. a4 Rb8 10. axb5 axb5 11. c3 dxc3 12. Nxc3 Ng6 13. Be3 c6 14. Ba7 Rb7 15. Bd4 c5 16. Be3 Rb8 17. Ra7 Be7 18. Nd5 Bb7 19. Qh5 O-O 20. f4 c4 21. Bc2 Bxd5 22. Qxd5 Bf6 23. b3 Ne7 24. Qd1 Nc6 25. Ra6 Qc7 26. bxc4 Nb4 27. Ra7 Qxc4 28. Bb1 Rfd8 1/2-1/2

[Event "FIN Team Ch"]
[Site "Finland"]
[Date "1991.??.??"]
[Round "?"]
[White "Rytshagov, Mikhail"]
[Black "Rantanen, Yrjo A"]
[Result "1/2-1/2"]
[WhiteElo "2385"]
[BlackElo "2415"]
[PlyCount "64"]
[EventDate "1991.??.??"]
[Source "www.chesslib.no"]
[SourceDate "2004.05.04"]

1. e4 e5 2. Nf3 Nc6 3. Bb5 a6 4. Ba4 Nge7 5. O-O d6 6. c4 Bg4 7. h3 Bxf3 8. Qxf3 Ng6 9. Qb3 Qc8 10. Nc3 Be7 11. Nd5 O-O 12. Bxc6 bxc6 13. Nxe7+ Nxe7 14. f4 exf4 15. Rxf4 c5 16. d3 f5 17. Bd2 Rb8 18. Qc2 Ng6 19. Rxf5 Rxf5 20. exf5 Qxf5 21. Rf1 Qe5 22. Bc3 Qe3+ 23. Kh1 Rf8 24. Rxf8+ Kxf8 25. Qd1 Nf4 26. Qg4 Ne6 27. Qf5+ Kg8 28. Qd5 g6 29. d4 Qc1+ 30. Kh2 Qf4+ 31. Kg1 Qe3+ 32. Kh1 Qc1+ 1/2-1/2

[Event "HUN-chT 9798"]
[Site "Hungary"]
[Date "1998.??.??"]
[Round "?"]
[White "Cao Sang"]
[Black "Czebe, Attila"]
[Result "1-0"]
[WhiteElo "2465"]
[BlackElo "2325"]
[PlyCount "81"]
[EventDate "1997.??.??"]
[Source "www.chesslib.no"]
[SourceDate "2004.05.04"]

1. e4 e5 2. Nf3 Nc6 3. Bb5 a6 4. Ba4 Nge7 5. O-O g6 6. d4 exd4 7. Nxd4 Bg7 8. c3 O-O 9. Bg5 Nxd4 10. cxd4 h6 11. Bh4 b5 12. Bc2 c5 13. dxc5 Bxb2 14. Nd2 Bxa1 15. Qxa1 d6 16. cxd6 Qxd6 17. Nf3 Bg4 18. Bg3 Qc6 19. Ne5 Qc8 20. Bb3 Be6 21. Rc1 Qb7 22. Bxe6 fxe6 23. Nxg6 Nxg6 24. Rc7 Qxc7 25. Bxc7 Rac8 26. Bb6 Nf4 27. Be3 Ne2+ 28. Kf1 Nc3 29. g3 b4 30. Kg2 Kh7 31. Qf1 Rc6 32. Qd3 Rf7 33. Qd8 e5 34. Qe8 Rcf6 35. Qxe5 Nd1 36. Bf4 Nc3 37. Qc5 Nxa2 38. e5 Rg6 39. Qc4 Rf8 40. e6 Nc3 41. e7 1-0

[Event "Veszprem op"]
[Site "?"]
[Date "1996.??.??"]
[Round "3"]
[White "Feher Gyula"]
[Black "Mozes Ervin"]
[Result "1-0"]
[WhiteElo "2375"]
[BlackElo "2405"]
[PlyCount "73"]
[EventDate "1996.??.??"]
[Source "www.chesslib.no"]
[SourceDate "2004.05.04"]

1. e4 e5 2. Nf3 Nc6 3. Bb5 a6 4. Ba4 Nge7 5. Nc3 d6 6. h3 b5 7. Bb3 Na5 8. O-O Nxb3 9. axb3 Bb7 10. d3 f6 11. Nh4 g6 12. f4 exf4 13. Bxf4 Bg7 14. Nf3 O-O 15. Qd2 d5 16. Rae1 Qd7 17. e5 b4 18. Na4 a5 19. exf6 Bxf6 20. Nc5 Qc6 21. Ne6 Nf5 22. Nxf8 Rxf8 23. d4 Ba6 24. Rf2 Nd6 25. Bxd6 Qxd6 26. Ne5 Re8 27. Ng4 Rxe1+ 28. Qxe1 Bxd4 29. Qe8+ Kg7 30. Qf7+ Kh8 31. Nf6 Qxf6 32. Qxf6+ Bxf6 33. Rxf6 Bb5 34. Rf7 c6 35. Ra7 Be2 36. Rxa5 Kg7 37. Kf2 1-0

[Event "Paris FRA"]
[Site "?"]
[Date "2004.??.??"]
[Round "3"]
[White "Draoui Najib"]
[Black "Shirazi Kamran G"]
[Result "1/2-1/2"]
[WhiteElo "2377"]
[BlackElo "2389"]
[PlyCount "141"]
[EventDate "2004.??.??"]
[Source "www.chesslib.no"]
[SourceDate "2004.05.04"]

1. e4 e5 2. Nf3 Nc6 3. Bb5 a6 4. Ba4 Nge7 5. O-O g6 6. c3 d6 7. h3 Bg7 8. d4 O-O 9. Be3 h6 10. Qd2 Kh7 11. dxe5 dxe5 12. Bc5 Qe8 13. Qe2 Bd7 14. Bc2 Nd8 15. Nbd2 Ne6 16. Be3 Rd8 17. a4 Nf4 18. Qc4 Nc6 19. Rfe1 Be6 20. Qf1 Qe7 21. Rad1 Qf6 22. Nh2 h5 23. Ndf3 Na5 24. Rxd8 Rxd8 25. Rd1 Bc4 26. Qe1 Nd3 27. Bxd3 Rxd3 28. Rxd3 Bxd3 29. Qd2 Qd6 30. Bc5 Qd7 31. Bd4 Bc4 32. Be3 Qd3 33. Qxd3 Bxd3 34. Nd2 f5 35. Nhf3 f4 36. Bc5 b6 37. Be7 Nc6 38. Bg5 a5 39. Ne1 Be2 40. g3 fxg3 41. fxg3 Bd1 42. b3 Kg8 43. Kf2 Kf7 44. Ng2 Bf8 45. Ne3 Bc5 46. Ke1 Bxe3 47. Bxe3 Bc2 48. Bg5 Ke6 49. Ke2 Nb8 50. Bd8 Na6 51. Ke3 Kd6 52. Bf6 Nc5 53. b4 Nxa4 54. bxa5 bxa5 55. Nc4+ Ke6 56. Bxe5 Bb3 57. Nxa5 Kxe5 58. Nxb3 Nxc3 59. Nc5 Nd1+ 60. Ke2 Nb2 61. Ke3 g5 62. Nd7+ Ke6 63. Nc5+ Ke5 64. Nd7+ Kd6 65. Nf6 h4 66. gxh4 gxh4 67. Kf4 Nd3+ 68. Kf5 c5 69. e5+ Nxe5 70. Ne4+ Kd5 71. Nxc5 1/2-1/2

[Event "Meisdorf op"]
[Site "Meisdorf"]
[Date "1996.??.??"]
[Round "?"]
[White "Slobodjan, Roman"]
[Black "Reipsch, Jens"]
[Result "1-0"]
[WhiteElo "2525"]
[BlackElo "2240"]
[PlyCount "61"]
[EventDate "1996.??.??"]
[Source "www.chesslib.no"]
[SourceDate "2004.05.04"]

1. e4 e5 2. Nf3 Nc6 3. Bb5 a6 4. Ba4 Nge7 5. O-O g6 6. c3 Bg7 7. d4 O-O 8. d5 Nb8 9. d6 Nec6 10. Bg5 f6 11. Be3 Kh8 12. Bc5 Re8 13. Bb3 cxd6 14. Bxd6 Ne7 15. Nbd2 Nbc6 16. a4 Na5 17. Nc4 Nxc4 18. Bxc4 b6 19. Bf7 Rf8 20. Bd5 Ra7 21. Bb8 Rb7 22. Bd6 Ra7 23. Qb3 f5 24. Nxe5 Nxd5 25. Qxd5 Qf6 26. Bxf8 Bxf8 27. exf5 d6 28. Ng4 Qg5 29. Qd4+ Rg7 30. f6 Rf7 31. Qc4 1-0

[Event "Miskolc Avas op"]
[Site "Miskolc"]
[Date "1998.??.??"]
[Round "8"]
[White "Parkanyi, Attila"]
[Black "Mozes, Ervin"]
[Result "1/2-1/2"]
[WhiteElo "2395"]
[BlackElo "2360"]
[PlyCount "95"]
[EventDate "1998.09.??"]
[Source "www.chesslib.no"]
[SourceDate "2004.05.04"]

1. e4 e5 2. Nf3 Nc6 3. Bb5 a6 4. Ba4 Nge7 5. c3 g6 6. d4 exd4 7. cxd4 Bg7 8. O-O O-O 9. Nc3 b5 10. Bb3 Na5 11. Bc2 d6 12. h3 c5 13. Re1 Nec6 14. dxc5 dxc5 15. Nd5 Nc4 16. Rb1 Nd4 17. Nxd4 Bxd4 18. b3 Nb6 19. Be3 Nxd5 20. Bxd4 cxd4 21. exd5 Bb7 22. Qxd4 Qxd5 23. Qxd5 Bxd5 24. Be4 Rad8 25. Bxd5 Rxd5 26. Re4 Rc8 27. a4 Rc2 28. axb5 axb5 29. Rf4 Kg7 30. Re1 Rc3 31. b4 f5 32. h4 h6 33. g4 Kf6 34. Re8 Rh3 35. gxf5 gxf5 36. Kg2 Rc3 37. Rf8+ Ke6 38. Re8+ Kf7 39. Rb8 Kf6 40. Rf8+ Ke6 41. Re8+ Kf7 42. Rb8 Ke7 43. Rb6 h5 44. Rh6 Rc4 45. Rxc4 bxc4 46. Rc6 Rd4 47. Rc5 Ke6 48. Kg3 1/2-1/2

[Event "ROM-chT"]
[Site "Timisu de Sus"]
[Date "1998.??.??"]
[Round "3"]
[White "Vasiesiu, Dan"]
[Black "Mozes, Ervin"]
[Result "1-0"]
[WhiteElo "2390"]
[BlackElo "2360"]
[PlyCount "67"]
[EventDate "1998.11.??"]
[Source "www.chesslib.no"]
[SourceDate "2004.05.04"]

1. e4 e5 2. Nf3 Nc6 3. Bb5 a6 4. Ba4 Nge7 5. O-O g6 6. c3 Bg7 7. d4 exd4 8. cxd4 O-O 9. Nc3 b5 10. Bb3 Na5 11. Bc2 d6 12. h3 c5 13. Bg5 Nac6 14. Nd5 f6 15. Nxe7+ Qxe7 16. Be3 c4 17. Re1 Qf7 18. Qd2 d5 19. exd5 Qxd5 20. Bh6 Ra7 21. Be4 Qd7 22. Bxg7 Kxg7 23. d5 Nd8 24. a4 bxa4 25. Nd4 Re8 26. Qc3 Bb7 27. Rad1 Rxe4 28. Rxe4 Bxd5 29. Re2 Qf7 30. Rde1 Nc6 31. Nxc6 Bxc6 32. Re6 Bd5 33. Rd6 Rc7 34. Qd4 1-0

[Event "Nordic-tt"]
[Site "Aabybro"]
[Date "1989.??.??"]
[Round "?"]
[White "Johansson, Jan"]
[Black "Rantanen, Yrjo A"]
[Result "1-0"]
[WhiteElo "2365"]
[BlackElo "2380"]
[PlyCount "75"]
[EventDate "1989.10.??"]
[Source "www.chesslib.no"]
[SourceDate "2004.05.04"]

1. e4 e5 2. Nf3 Nc6 3. Bb5 a6 4. Ba4 Nge7 5. O-O d6 6. d4 exd4 7. c3 dxc3 8. Nxc3 Bd7 9. Nd5 Ng6 10. Nd4 Be7 11. Nf5 Bf6 12. Bd2 O-O 13. Qh5 Re8 14. Rae1 Bxb2 15. Bb3 Bf6 16. f4 Nd4 17. Nxd4 Bxd4+ 18. Kh1 Nh8 19. f5 g6 20. Qg4 c6 21. Bg5 Qa5 22. Nf6+ Bxf6 23. Bxf6 Qd2 24. Rd1 Qe3 25. Rfe1 Qh6 26. Qg3 Qf8 27. h4 d5 28. fxg6 hxg6 29. exd5 cxd5 30. Bxd5 Bc6 31. Bb3 Rxe1+ 32. Rxe1 Re8 33. Rf1 Re2 34. Rf2 Rxf2 35. Qxf2 Qd6 36. Ba1 Qe7 37. Qd4 Qe1+ 38. Kh2 1-0

[Event "HUN-chT 0102"]
[Site "?"]
[Date "2002.01.12"]
[Round "2"]
[White "Molnar Bela"]
[Black "Mozes Ervin"]
[Result "1/2-1/2"]
[WhiteElo "2363"]
[BlackElo "2349"]
[PlyCount "20"]
[EventDate "2002.??.??"]
[Source "www.chesslib.no"]
[SourceDate "2004.05.04"]

1. e4 e5 2. Nf3 Nc6 3. Bb5 a6 4. Ba4 Nge7 5. Nc3 d6 6. d3 b5 7. Bb3 Na5 8. O-O Nxb3 9. axb3 c6 10. d4 Ng6 1/2-1/2

[Event "BIH-chT"]
[Site "Bihac"]
[Date "1999.08.24"]
[Round "4"]
[White "Leventic, Ivan"]
[Black "Kamberovic, Senad"]
[Result "1/2-1/2"]
[WhiteElo "2390"]
[BlackElo "2315"]
[PlyCount "113"]
[EventDate "1999.08.21"]
[Source "www.chesslib.no"]
[SourceDate "2004.05.04"]

1. e4 Nc6 2. Nf3 e5 3. Bb5 a6 4. Ba4 Nge7 5. c3 Ng6 6. d4 Bd6 7. h4 Qe7 8. h5 Nf8 9. d5 Nd8 10. Be3 b5 11. Bc2 Nb7 12. Nbd2 Bc5 13. Bxc5 Nxc5 14. b4 Nb7 15. a4 Nd6 16. Bd3 Rb8 17. axb5 Nxb5 18. Qc2 h6 19. Nc4 Nh7 20. Ncxe5 Ng5 21. Ra5 O-O 22. Kf1 Qf6 23. Bxb5 axb5 24. Nxg5 hxg5 25. Nf3 d6 26. Nd4 Bd7 27. f3 g4 28. Kf2 Qe5 29. g3 gxf3 30. Nxf3 Qe7 31. Nd4 f5 32. exf5 Bxf5 33. Nxf5 Qg5 34. Kg2 Rxf5 35. Raa1 Rxd5 36. Rad1 Re5 37. Rhe1 Rbe8 38. Rxe5 Rxe5 39. Ra1 Qxh5 40. Ra8+ Kf7 41. Qf2+ Ke6 42. Ra2 Qf5 43. Qxf5+ Rxf5 44. Rd2 Rd5 45. Rc2 Rd3 46. c4 Rb3 47. cxb5 Rxb4 48. Rxc7 g5 49. Rb7 g4 50. Kf2 Kd5 51. Rg7 Kc5 52. Rg5+ d5 53. b6 Rxb6 54. Rxg4 d4 55. Rg8 Kc4 56. g4 Rf6+ 57. Ke2 1/2-1/2

[Event "Bucharest Astral op"]
[Site "Bucharest"]
[Date "2001.04.23"]
[Round "2"]
[White "Vajda, Levente"]
[Black "Butunoi, Alexandru"]
[Result "1/2-1/2"]
[WhiteElo "2446"]
[BlackElo "2250"]
[PlyCount "81"]
[EventDate "2001.04.22"]
[Source "ChessBase"]
[SourceDate "2001.07.03"]

1. e4 e5 2. Nf3 Nc6 3. Bb5 a6 4. Ba4 Nge7 5. O-O g6 6. c3 Bg7 7. d4 b5 8. Bb3 O-O 9. dxe5 Nxe5 10. Nxe5 Bxe5 11. f4 Bf6 12. f5 gxf5 13. Rf3 d6 14. exf5 d5 15. g4 Be5 16. Bh6 Re8 17. Nd2 Bb7 18. Rh3 Qd6 19. Nf3 Bf4 20. Bxf4 Qxf4 21. Qd4 Qxd4+ 22. cxd4 f6 23. Kf2 Kg7 24. g5 Nxf5 25. Bc2 Bc8 26. gxf6+ Kxf6 27. Rxh7 Re7 28. Rxe7 Nxe7 29. Rc1 Bh3 30. Bd3 c6 31. Rg1 Rc8 32. Rg3 Bf5 33. Ne5 c5 34. Bxf5 Kxf5 35. Rf3+ Ke6 36. Ng4 Nf5 37. dxc5 Rxc5 38. Ne3 Nd6 39. Rf4 Nc4 40. b4 Rc8 41. Ng4 1/2-1/2

[Event "1. Central League"]
[Site "?"]
[Date "2004.09.27"]
[Round "4"]
[White "Cubrakovic Velibor"]
[Black "Lazic Miroljub"]
[Result "0-1"]
[WhiteElo "2224"]
[BlackElo "2471"]
[PlyCount "95"]
[EventDate "2004.??.??"]
[Source "www.chesslib.no"]
[SourceDate "2004.05.04"]

1. e4 e5 2. Nf3 Nc6 3. Bb5 a6 4. Ba4 Nge7 5. d3 g6 6. Bg5 Bg7 7. Qd2 h6 8. Be3 f5 9. exf5 Nxf5 10. O-O O-O 11. c3 d6 12. Bc2 Nxe3 13. fxe3 e4 14. dxe4 Qe7 15. Qe1 Ne5 16. Nbd2 Bd7 17. Qg3 Kh7 18. h3 Bb5 19. c4 Bd7 20. Rac1 b5 21. Bb1 c5 22. Nh4 Bf6 23. Ndf3 Bxh4 24. Nxh4 bxc4 25. Nf3 Kg7 26. Nxe5 Rxf1+ 27. Rxf1 Qxe5 28. Qf2 Be6 29. Qe2 h5 30. Bc2 Rb8 31. b3 c3 32. Qf2 a5 33. Qh4 Bf7 34. Qf2 Be6 35. Qh4 Bg8 36. Qf2 c4 37. Rb1 cxb3 38. axb3 Be6 39. Rf1 Kh6 40. h4 Kh7 41. Kh1 Rb7 42. Qf8 Bg8 43. Rf6 Rb8 44. Qxb8 Qxf6 45. Kg1 Qe5 46. Kf2 Bf7 47. Qd8 Kg7 48. Kf3 0-1

[Event "Postbauer op U18 6th"]
[Site "?"]
[Date "2000.??.??"]
[Round "3"]
[White "Chudinovskih Alexander"]
[Black "Mozes Ervin"]
[Result "1/2-1/2"]
[WhiteElo "2281"]
[BlackElo "2412"]
[PlyCount "85"]
[EventDate "2000.??.??"]
[Source "www.chesslib.no"]
[SourceDate "2004.05.04"]

1. e4 e5 2. Nf3 Nc6 3. Bb5 a6 4. Ba4 Nge7 5. Nc3 d6 6. Bb3 Na5 7. d4 Nxb3 8. axb3 Ng6 9. h4 Bg4 10. Bg5 Be7 11. Bxe7 Qxe7 12. Nd5 Qd8 13. h5 Ne7 14. Ne3 Bxf3 15. gxf3 O-O 16. Qd3 c5 17. dxe5 dxe5 18. Qc3 Qd4 19. Rd1 Qxc3+ 20. bxc3 Rfd8 21. Ke2 f6 22. Nc4 b5 23. Nb6 Rxd1 24. Rxd1 Ra7 25. Rd7 Rxd7 26. Nxd7 c4 27. b4 Nc6 28. Nc5 a5 29. bxa5 Nxa5 30. f4 exf4 31. Kf3 Kf7 32. Kxf4 Nc6 33. Ke3 g6 34. hxg6+ hxg6 35. Na6 g5 36. f3 Kg6 37. Nc7 b4 38. cxb4 Nxb4 39. c3 Nc6 40. Nd5 Kf7 41. Nb6 Ne5 42. f4 gxf4+ 43. Kxf4 1/2-1/2

[Event "HUN Team Ch 9394"]
[Site "HUN"]
[Date "1994.??.??"]
[Round "?"]
[White "Fusthy, Zsolt"]
[Black "Mozes, Ervin"]
[Result "0-1"]
[WhiteElo "2305"]
[BlackElo "2385"]
[PlyCount "88"]
[EventDate "1993.??.??"]
[Source "www.chesslib.no"]
[SourceDate "2004.05.04"]

1. e4 e5 2. Nf3 Nc6 3. Bb5 a6 4. Ba4 Nge7 5. O-O g6 6. c3 Bg7 7. d4 exd4 8. cxd4 O-O 9. d5 Na5 10. Nc3 d6 11. Re1 b5 12. Bc2 Bb7 13. Nd4 c5 14. dxc6 Nexc6 15. Nxc6 Bxc6 16. Nd5 Rc8 17. Bb3 Nc4 18. Rb1 Re8 19. Bxc4 bxc4 20. Bd2 Bxd5 21. exd5 Qb6 22. Bc3 Qc5 23. Qa4 Rxe1+ 24. Rxe1 Bxc3 25. bxc3 Qxd5 26. Qxa6 Ra8 27. Qb6 Qd2 28. Rb1 Rxa2 29. h3 Qxc3 30. Qxd6 Ra1 31. Rxa1 Qxa1+ 32. Kh2 Qc3 33. g4 Kg7 34. Kg2 Qf6 35. Qc5 Qf4 36. Kf1 h6 37. Ke2 Qe4+ 38. Kf1 Qd3+ 39. Kg2 c3 40. Qe5+ Kh7 41. Qc7 Qd5+ 42. Kg3 Qb3 43. Kf3 Kg7 44. Ke2 Qb2+ 0-1

[Event "It (Men) Reykjavik ISL"]
[Site "?"]
[Date "2006.04.16"]
[Round "8"]
[White "Van Delft Merijn"]
[Black "Thorfinnsson Bjorn"]
[Result "1-0"]
[WhiteElo "2372"]
[BlackElo "2311"]
[PlyCount "65"]
[EventDate "2006.??.??"]
[Source "www.chesslib.no"]
[SourceDate "2004.05.04"]

1. e4 e5 2. Nf3 Nc6 3. Bb5 a6 4. Ba4 Nge7 5. O-O d6 6. d4 Bd7 7. d5 Nb8 8. c4 b5 9. Bb3 Ng6 10. Nc3 bxc4 11. Ba4 Be7 12. Nd2 O-O 13. Nxc4 f5 14. f3 Bg5 15. Bxd7 Nxd7 16. Na5 Bxc1 17. Rxc1 Qb8 18. Qb3 Qa7+ 19. Kh1 Rab8 20. Qc2 Qc5 21. Nc6 Rb7 22. exf5 Nh4 23. f4 e4 24. Qxe4 Nf6 25. Qe6+ Kh8 26. b4 Qb6 27. Rce1 Ng4 28. Qf7 Rg8 29. Re8 Nh6 30. Rxg8+ Nxg8 31. Qh5 Qe3 32. Qxh4 Qxc3 33. Nd8 1-0

[Event "Finjub30 IM corr"]
[Site "Finjub30 IM corr"]
[Date "1992.??.??"]
[Round "?"]
[White "Kubach, Gary L"]
[Black "Kivimaki, Jaakko"]
[Result "1/2-1/2"]
[WhiteElo "2480"]
[BlackElo "2200"]
[PlyCount "54"]
[EventDate "1992.??.??"]
[Source "www.chesslib.no"]
[SourceDate "2004.05.04"]

1. e4 e5 2. Nf3 Nc6 3. Bb5 a6 4. Ba4 Nge7 5. O-O d6 6. d4 exd4 7. Nxd4 b5 8. Nxc6 Nxc6 9. Bb3 Na5 10. Nc3 Nxb3 11. axb3 Bb7 12. Qg4 Qd7 13. Qxd7+ Kxd7 14. f3 g6 15. Rd1 Bg7 16. Be3 Rae8 17. Bd4 Bxd4+ 18. Rxd4 Rhf8 19. b4 f5 20. Re1 Re6 21. Kf2 Rfe8 22. Re2 fxe4 23. Nxe4 Bxe4 24. Rdxe4 c5 25. Rxe6 Rxe6 26. c3 cxb4 27. cxb4 Rf6 1/2-1/2

[Event "FIN Ch"]
[Site "Helsinki FIN"]
[Date "1994.??.??"]
[Round "?"]
[White "Holmsten, Aleksei"]
[Black "Valkesalmi, Kimmo"]
[Result "1/2-1/2"]
[WhiteElo "2320"]
[BlackElo "2355"]
[PlyCount "46"]
[EventDate "1994.??.??"]
[Source "www.chesslib.no"]
[SourceDate "2004.05.04"]

1. e4 e5 2. Nf3 Nc6 3. Bb5 a6 4. Ba4 Nge7 5. c3 d6 6. d4 Bd7 7. Be3 Ng6 8. Nbd2 Be7 9. O-O O-O 10. Re1 Bf6 11. d5 Nb8 12. c4 c5 13. dxc6 bxc6 14. Nb1 Be6 15. Bb3 c5 16. Nc3 Nc6 17. Nd5 Nd4 18. Bc2 Rb8 19. Rb1 Nh4 20. Nxh4 Bxh4 21. a3 a5 22. b4 Bxd5 23. cxd5 axb4 1/2-1/2

[Event "FIN Team Ch 9697"]
[Site "Finland"]
[Date "1996.??.??"]
[Round "2.1"]
[White "Holmsten, Aleksei"]
[Black "Rantanen, Yrjo A"]
[Result "1-0"]
[WhiteElo "2305"]
[BlackElo "2355"]
[PlyCount "63"]
[EventDate "1996.??.??"]
[Source "www.chesslib.no"]
[SourceDate "2004.05.04"]

1. e4 e5 2. Nf3 Nc6 3. Bb5 a6 4. Ba4 Nge7 5. c3 d6 6. h3 Bd7 7. d4 Ng6 8. O-O Be7 9. Qe2 O-O 10. Bc2 Qc8 11. Rd1 Nd8 12. d5 f6 13. c4 Nf7 14. Be3 Nf4 15. Bxf4 exf4 16. Nbd2 Ne5 17. Nd4 g6 18. Rac1 Kh8 19. Bb1 Rg8 20. N2f3 c5 21. dxc6 bxc6 22. c5 dxc5 23. Nxe5 fxe5 24. Nf3 Bf6 25. Rxc5 Qe8 26. Bc2 Rg7 27. Ba4 Rb8 28. Qxa6 Rxb2 29. Bxc6 Bxc6 30. Rxc6 Ra7 31. Qxa7 Qxc6 32. Qf7 1-0

[Event "Kuopio op2"]
[Site "Kuopio"]
[Date "1995.??.??"]
[Round "?"]
[White "Raaste, Eero J"]
[Black "Kivimaki, Jaakko"]
[Result "1/2-1/2"]
[WhiteElo "2355"]
[BlackElo "2290"]
[PlyCount "39"]
[EventDate "1995.??.??"]
[Source "www.chesslib.no"]
[SourceDate "2004.05.04"]

1. e4 e5 2. Nf3 Nc6 3. Bb5 a6 4. Ba4 Nge7 5. O-O Ng6 6. c3 d6 7. Bxc6+ bxc6 8. d4 exd4 9. cxd4 Be7 10. Qc2 Bd7 11. Re1 O-O 12. Nbd2 Re8 13. h3 Qc8 14. Nf1 Nh4 15. Nxh4 Bxh4 16. Bf4 Qb7 17. Rad1 a5 18. Nd2 a4 19. Nf3 Be7 20. Re2 1/2-1/2

[Event "Ch (Men) Osterburg GER"]
[Site "?"]
[Date "2006.02.05"]
[Round "3"]
[White "Schunk Eduard"]
[Black "Reipsch Jens"]
[Result "0-1"]
[WhiteElo "2349"]
[BlackElo "2293"]
[PlyCount "82"]
[EventDate "2006.??.??"]
[Source "www.chesslib.no"]
[SourceDate "2004.05.04"]

1. e4 e5 2. Nf3 Nc6 3. Bb5 a6 4. Ba4 Nge7 5. c3 d6 6. d4 Bd7 7. Be3 Ng6 8. h4 h5 9. d5 Nb8 10. c4 Nf4 11. Bxd7+ Qxd7 12. Rg1 Be7 13. g3 Ng6 14. Nc3 Qg4 15. Nd2 Qc8 16. b4 a5 17. a3 Nd7 18. Nb3 axb4 19. axb4 Rxa1 20. Qxa1 O-O 21. Qa7 Nb6 22. Na5 f5 23. Bxb6 cxb6 24. Qxb6 fxe4 25. Qxb7 e3 26. fxe3 Qf5 27. Kd2 Qf2+ 28. Ne2 Rf3 29. Qa7 e4 30. Nc6 Bf6 31. Qa3 Ne5 32. Nxe5 Bxe5 33. Rb1 Rxg3 34. Qb3 Bd4 35. exd4 Rd3+ 36. Qxd3 exd3 37. Re1 dxe2 38. Rxe2 Qxd4+ 39. Ke1 Qxh4+ 40. Kd1 Qxc4 41. Rb2 Qxd5+ 0-1

[Event "Budapest HUN"]
[Site "?"]
[Date "2004.05.05"]
[Round "5"]
[White "Berczes Csaba"]
[Black "Dimitrijevic Aleksandra"]
[Result "1-0"]
[WhiteElo "2340"]
[BlackElo "2292"]
[PlyCount "55"]
[EventDate "2004.??.??"]
[Source "www.chesslib.no"]
[SourceDate "2004.05.04"]

1. e4 e5 2. Nf3 Nc6 3. Bb5 a6 4. Ba4 Nge7 5. Bb3 d5 6. Nc3 Be6 7. Ng5 Qd7 8. exd5 Nxd5 9. Nxe6 fxe6 10. Ne4 O-O-O 11. O-O g5 12. Nxg5 Rg8 13. d3 Nd4 14. c3 Nxb3 15. axb3 Bh6 16. h4 Nf4 17. Bxf4 exf4 18. Qf3 Bxg5 19. hxg5 e5 20. Rxa6 Kb8 21. Ra5 Rxg5 22. Rfa1 c6 23. d4 Kc7 24. Rxe5 Rg4 25. Rg5 Rg8 26. Rxg8 Rxg8 27. Qxf4+ Kb6 28. Qe5 1-0

[Event "HUN-chT 9798"]
[Site "Hungary"]
[Date "1998.??.??"]
[Round "?"]
[White "Bokros, Albert"]
[Black "Mozes, Ervin"]
[Result "0-1"]
[WhiteElo "2260"]
[BlackElo "2370"]
[PlyCount "98"]
[EventDate "1997.??.??"]
[Source "www.chesslib.no"]
[SourceDate "2004.05.04"]

1. e4 e5 2. Nf3 Nc6 3. Bb5 a6 4. Ba4 Nge7 5. Nc3 d6 6. d4 b5 7. Bb3 Nxd4 8. Nxd4 exd4 9. Qh5 Ng6 10. Ne2 Bb7 11. O-O c5 12. Bd5 Bxd5 13. Qxd5 Ne7 14. Qg5 h6 15. Qg3 Ng6 16. c3 dxc3 17. bxc3 Be7 18. Be3 Bh4 19. Qh3 Qd7 20. Qf3 Ne5 21. Qh5 Qg4 22. Qxg4 Nxg4 23. Bf4 Be7 24. Rfd1 Ne5 25. Bg3 h5 26. h4 Nc4 27. Nf4 Bd8 28. Rd5 Bf6 29. Ne2 O-O-O 30. Rad1 Rhe8 31. Bxd6 Rxd6 32. Rxd6 Nxd6 33. Rxd6 Rxe4 34. Ng3 Ra4 35. Rc6+ Kd7 36. Rxc5 g6 37. Rd5+ Kc6 38. Rd2 Bxc3 39. Rc2 Rc4 40. Ne4 Rxe4 41. Rxc3+ Rc4 42. Rf3 f5 43. g3 b4 44. Re3 Kb5 45. a3 a5 46. axb4 axb4 47. Kg2 Rc6 48. Re1 b3 49. Kf3 Rb6 0-1

[Event "FIN Ch"]
[Site "Helsinki FIN"]
[Date "1990.??.??"]
[Round "13"]
[White "Lahtinen, Markku"]
[Black "Valkesalmi, Kimmo"]
[Result "1/2-1/2"]
[WhiteElo "2225"]
[BlackElo "2400"]
[PlyCount "40"]
[EventDate "1990.??.??"]
[Source "www.chesslib.no"]
[SourceDate "2004.05.04"]

1. e4 e5 2. Nf3 Nc6 3. Bb5 a6 4. Ba4 Nge7 5. c4 d6 6. d4 Bd7 7. Nc3 Nxd4 8. Nxd4 exd4 9. Bxd7+ Qxd7 10. Qxd4 Nc6 11. Qd2 Be7 12. Nd5 Qd8 13. b3 Bf6 14. Nxf6+ Qxf6 15. Bb2 Qg6 16. O-O O-O 17. Qc3 f6 18. f3 Rfe8 19. Rad1 b6 20. Rd2 Re7 1/2-1/2

[Event "Yerevan Open"]
[Site "?"]
[Date "1996.??.??"]
[Round "5"]
[White "Khachatryan Vahagn"]
[Black "Lobzhanidze Davit"]
[Result "0-1"]
[WhiteElo "2340"]
[BlackElo "2280"]
[PlyCount "68"]
[EventDate "1996.??.??"]
[Source "www.chesslib.no"]
[SourceDate "2004.05.04"]

1. e4 e5 2. Nf3 Nc6 3. Bb5 a6 4. Ba4 Nge7 5. O-O d6 6. h3 Bd7 7. c3 Ng6 8. d4 Be7 9. Be3 h6 10. Nbd2 Bg5 11. d5 Nb8 12. Bxd7+ Nxd7 13. Nxg5 hxg5 14. Qg4 f6 15. g3 Ndf8 16. c4 Qd7 17. Kg2 Nf4+ 18. gxf4 gxf4 19. Bxf4 exf4 20. Nf3 g5 21. Nd4 Ng6 22. Ne6 Qh7 23. c5 Ne5 24. Qf5 f3+ 25. Kg1 Qxf5 26. exf5 Kd7 27. c6+ bxc6 28. dxc6+ Nxc6 29. Kh2 Rh4 30. Kg3 Ne7 31. Kxf3 Nxf5 32. Rfe1 Re8 33. Rac1 Rxe6 34. Rxe6 Nd4+ 0-1

[Event "BL2-O 9596"]
[Site "GER"]
[Date "1996.??.??"]
[Round "?"]
[White "Voekler, Bernd"]
[Black "Reipsch, Jens"]
[Result "1-0"]
[WhiteElo "2375"]
[BlackElo "2240"]
[PlyCount "77"]
[EventDate "1995.10.??"]
[Source "www.chesslib.no"]
[SourceDate "2004.05.04"]

1. e4 e5 2. Nf3 Nc6 3. Bb5 a6 4. Ba4 Nge7 5. d4 exd4 6. Nxd4 Nxd4 7. Qxd4 Nc6 8. Bxc6 dxc6 9. Qxd8+ Kxd8 10. O-O Be6 11. Be3 Bb4 12. Nd2 Bxd2 13. Rfd1 b6 14. Bxd2 Ke7 15. Bf4 Rac8 16. a3 Rhd8 17. Kf1 Rxd1+ 18. Rxd1 Rd8 19. Rxd8 Kxd8 20. b4 f5 21. exf5 Bxf5 22. c3 Bd3+ 23. Ke1 Kd7 24. Kd2 Bf1 25. g3 Ke6 26. Bxc7 b5 27. Ke3 Kd5 28. h4 h5 29. Kf4 g6 30. g4 hxg4 31. Kxg4 Kc4 32. Be5 Kb3 33. Kg5 Bd3 34. h5 gxh5 35. f4 Kxa3 36. f5 Ka4 37. f6 Bc4 38. Kxh5 a5 39. Bd6 1-0

[Event "9th Open Hemus"]
[Site "Sofia"]
[Date "2004.08.01"]
[Round "4.2"]
[White "Filev, Georgi"]
[Black "Stoinev, Metodi"]
[Result "1-0"]
[WhiteElo "2305"]
[BlackElo "2300"]
[PlyCount "68"]
[EventDate "2004.08.01"]
[Source "Roberto Alvarez"]
[SourceDate "2004.08.17"]

1. e4 e5 2. Nf3 Nc6 3. Bb5 a6 4. Ba4 Nge7 5. O-O d6 6. c3 Bd7 7. Re1 Ng6 8. d4 Be7 9. Nbd2 h6 10. Nf1 Bg5 11. Ng3 Bxc1 12. Rxc1 O-O 13. h3 Qe8 14. Nh2 Rd8 15. Nh5 Qe7 16. d5 Nb8 17. Bxd7 Nxd7 18. Ng4 f5 19. exf5 Rxf5 20. Ng3 Rf7 21. Ne4 Rdf8 22. c4 h5 23. Nh2 Nf4 24. Rc3 b6 25. Rg3 Nc5 26. Nxc5 bxc5 27. Qc2 Qf6 28. Rf3 Qh4 29. Qe4 Rf5 30. Kh1 Rg5 31. Rg1 Ng6 32. Rxf8+ Kxf8 33. Qe2 Rf5 34. Qc2 Qf6 1-0

[Event "HUN-chT 0203"]
[Site "?"]
[Date "2003.04.05"]
[Round "11"]
[White "Hudecz Viktor"]
[Black "Mozes Ervin"]
[Result "1/2-1/2"]
[WhiteElo "2171"]
[BlackElo "2399"]
[PlyCount "37"]
[EventDate "2003.??.??"]
[Source "www.chesslib.no"]
[SourceDate "2004.05.04"]

1. e4 e5 2. Nf3 Nc6 3. Bb5 a6 4. Ba4 Nge7 5. c3 g6 6. d4 exd4 7. Nxd4 Bg7 8. Be3 O-O 9. O-O b5 10. Bc2 Bb7 11. Nd2 d6 12. f4 Nxd4 13. Bxd4 c5 14. Bxg7 Kxg7 15. Nf3 d5 16. Qe1 Qc7 17. e5 d4 18. cxd4 cxd4 19. Be4 1/2-1/2